Control del agrietamiento de estructuras de concreto

Saved in:
書目詳細資料
企業作者: Instituto Mexicano del Cemento y del Concreto (Author)
格式: 圖書
語言:西班牙语
出版: Ciudad de México Limusa 1990
主題:
標簽: 添加標簽
沒有標簽, 成為第一個標記此記錄!

MARC

LEADER 00000nam a2200000 a 4500
001 UCQ8634
003 CL-VaPUC
008 981210e19900000MX |||||||||||||||||spa|d
082 0 4 |a 624.183  |b INS  |2 21 
110 2 |a Instituto Mexicano del Cemento y del Concreto  |e author  |9 422720 
245 1 0 |a Control del agrietamiento de estructuras de concreto 
300 |a 142 p 
942 |c BK 
945 |d 19981210 00:00:00  |a aarredon 
260 |a Ciudad de México  |b Limusa  |c 1990 
650 7 |a CONCRETO ARMADO  |2 CL-VaPUC  |9 413803 
650 0 |a Estructuras de hormigón   |9 262647 
650 7 |a CEMENTO  |2 CL-VaPUC  |9 422721 
650 7 |a MANTENCION  |2 CL-VaPUC  |9 413284 
583 |a last modification  |c 19981210 00:00:00  |k Rodrigo Vera 
999 |c 277848  |d 277846 
952 |0 0  |1 0  |4 0  |6 624_183000000000000_INS_1990  |7 0  |8 A  |9 316088  |a BIBING  |b BIBING  |d 2019-11-20  |i 3490327  |o 624.183 INS 1990  |p 3490327  |r 2025-01-20  |w 2019-11-20  |y BK  |k CCL